Reproductive Health Rights and Legislation in Eastern, Southern and Indian Ocean Islands (Record no. 794)

MARC details
000 -LEADER
fixed length control field 00614nam a22001337a 4500
008 - FIXED-LENGTH DATA ELEMENTS--GENERAL INFORMATION
fixed length control field 230607b xxu||||| |||| 00| 0 eng d
082 ## - DEWEY DECIMAL CLASSIFICATION NUMBER
Classification number 571.81
Item number FAA
100 ## - MAIN ENTRY--PERSONAL NAME
Dates associated with a name 2001
110 ## - MAIN ENTRY--CORPORATE NAME
Subordinate unit Forum of African and Arab Parliamentarians on Population and Development
245 ## - TITLE STATEMENT
Title Reproductive Health Rights and Legislation in Eastern, Southern and Indian Ocean Islands
Remainder of title Final Report of The Regional Workshop for Parliamentarians, Kampala International Conference Center 27-29 September 1999
260 ## - PUBLICATION, DISTRIBUTION, ETC. (IMPRINT)
Place of publication, distribution, etc. Kampala
Name of publisher, distributor, etc. Forum of African and Arab Parliamentarians on Population and Development
300 ## - PHYSICAL DESCRIPTION
Extent 64 p
942 ## - ADDED ENTRY ELEMENTS (KOHA)
Source of classification or shelving scheme Dewey Decimal Classification
Koha item type Books
Holdings
Withdrawn status Lost status Source of classification or shelving scheme Damaged status Not for loan Home library Current library Date acquired Total Checkouts Full call number Barcode Date last seen Price effective from Koha item type
    Dewey Decimal Classification     Bunge Tower Library Bunge Tower Library 06/07/2023   571.81 FAA 10010357 06/07/2023 06/07/2023 Books
LIBRARY OPENING HOURS

When the Parliament is sitting: 8.00a.m - 7.00p.m or until the house adjourns
Mondays and Fridays and when the House is on Recess:  8.00a.m - 5.00p.m
Closed on Weekends and Public Holidays

Online Public Access Catalog (OPAC)
Website: http://www.parliament.go.ke
Bunge Library: https://libraryir.parliament.go.ke
Contact: library@parliament.go.ke | Tel no: (254-2)2221291 or 2848000 Ext 5043